000
00261nam a22001097a 4500
082
_a
823
_b
PER/A
100
_a
PERCIRA, MONAROSE
245
_a
ADVENTURE OF TIN-TIN
246
_a
ADVENTURE OF TIN-TIN
_b
ADVENTURE OF TIN-TIN
650
_a
ENGLISH STORIES
942
_c
BK
999
_c
8796
_d
8796